000 01469cam a2200361 a 4500
001 indefenseofjudge00gray
003 CaSfIA
005 20210118102553.0
007 cr||||
008 891101s1990 nyu 000 1 eng
010 _a 89025646
040 _aDLC
_cDLC
_dOCL
_dBAKER
_dBTCTA
_dYDXCP
_dOCLCG
_dCaSfIA
020 _a0525248757 :
_c$18.95
020 _a9780525248750
035 _a(OCoLC)20671735
043 _an-us-tx
050 0 0 _aPS3557.R2914
_bI5 1990
082 0 0 _a813/.54
_220
100 1 _aGray, A. W.
_q(Albert William)
245 1 0 _aIn defense of judges /
_h[electronic resource]
_cA.W. Gray.
260 _aNew York :
_bDutton,
_cc1990.
300 _a324 p. ;
_c25 cm.
650 0 _aPhillips, Bino (Fictitious character)
_vFiction.
651 0 _aDallas (Tex.)
_vFiction.
655 7 _aMystery fiction.
_2gsafd
856 4 1 _uhttp://www.archive.org/details/indefenseofjudge00gray
_zFree eBook from the Internet Archive
856 4 2 _uhttp://www.openlibrary.org/books/OL2203822M
_zAdditional information and access via Open Library
029 1 _aAU@
_b000006849390
029 1 _aNZ1
_b12644567
942 _cEB
506 _fНеобхідна авторизація на https://archive.org/ (створення облікового запису безкоштовно)
506 _fНеобхідна авторизація на https://openlibrary.org/ (створення облікового запису безкоштовно)
999 _c510970
_d510970